| 000 | 00409 a2200145 4500 | ||
|---|---|---|---|
| 999 |
_c26512 _d26512 |
||
| 008 | 230713b ||||| |||| 00| 0 eng d | ||
| 020 |
_a9781947192898 _cRs26478.52 |
||
| 041 | 0 | _aeng | |
| 082 | 0 | 0 |
_a697 _bA827 |
| 245 | _a2021 ASHRAE Handbook : Fundamentals / | ||
| 260 |
_aPeachtree Corners : _bASHRAE, _c2021. |
||
| 300 |
_a41.29 + I.39 p. : _bill. ; _c29 cm. |
||
| 650 | 0 | _aAir Conditioning | |
| 942 |
_2ddc _cBK |
||